| 000 | 00501nam a2200109Ia 4500 | ||
|---|---|---|---|
| 008 | 160909s9999 xx 000 0 und d | ||
| 100 | _aPapoulias, Lambe Bobby | ||
| 245 | _aDetermining the dominant learning style of millennial students enrolled in online business courses to help instructors apply the appropriate teaching methodology in online courses | ||
| 260 |
_bPepperdine University _c2016 |
||
| 650 | _aInformation Technology | ||
| 856 | _uhttp://pqdtopen.proquest.com/doc/1800286752.html?FMT=ABS | ||
| 999 |
_c303796 _d303796 |
||